000 00707nam a2200229Ia 4500
008 160319s9999 xx 000 0 und d
020 _a0-439288398
050 _a418
050 _b.B868s 2002
100 _aBromley, Karen
245 _aStretching students' vocabulary /
245 _cKaren D'Angelo Bromley.
260 _aNew York :
260 _bScholastic Professional Books,
260 _c2002
300 _a128 pages ;
300 _bcolor illustrations ;
300 _c21 cm.
500 _a"Best practices for building the rich vocabulary students need to achieve in reading, writing, and the content areas."
650 _aVocabulary --
650 _xStudy and teaching (Elementary)
999 _c291971
_d291971